Normal view MARC view
  • Hareem Hameed

Entry Personal Name

Number of records used in: 1

001 - CONTROL NUMBER

  • control field: 92759

003 - CONTROL NUMBER IDENTIFIER

  • control field: NUST

005 - DATE AND TIME OF LATEST TRANSACTION

  • control field: 20220704165446.0

008 - FIXED-LENGTH DATA ELEMENTS

  • fixed length control field: 220704|| aca||aabn | a|a d

040 ## - CATALOGING SOURCE

  • Original cataloging agency: NUST
  • Transcribing agency: NUST

100 ## - HEADING--PERSONAL NAME

  • Personal name: Hareem Hameed

670 ## - SOURCE DATA FOUND

  • Source citation: Work cat.: (NUST)9071: Hareem Hameed, Online Real Estate (ORE), 2006.
© 2023 Central Library, National University of Sciences and Technology. All Rights Reserved.